Countries with Capitals starting with "Port" or "Saint" - Statistics

General Stats
  • This quiz has been taken 25 times
  • The average score is 12 of 14
Answer Stats
Answer % Correct
Papua New Guinea
100%
Grenada
96%
Dominican Republic
92%
Mauritius
92%
Antigua and Barbuda
88%
Costa Rica
88%
El Salvador
84%
Haiti
84%
Trinidad and Tobago
84%
Vanuatu
76%
Chile
72%
San Marino
68%
Benin
64%
São Tomé and Principe
64%
No matching quizzes found
Score Distribution
Percent of People with Each Score
Percentile by Number Answered
Your Score History
You have not taken this quiz